Random Knowledge Quiz #33 - Statistics

General Stats
  • This quiz has been taken 246 times
  • The average score is 9 of 15
Answer Stats
Question Answer % Correct
What is the square root of 64? 8
96%
And how many degrees is a right angle? 90
92%
Finish this quote: "May the Force..." Be with you
91%
What is the most spoken language in Asia? Mandarin
89%
Who lost the US presidential election to Donald Trump in 2016? Hillary Clinton
88%
Where does a 'ball drop' at midnight on New Year's Eve? Times Square
83%
In which story will you find the Cheshire Cat? Alice's Adventures in Wonderland
79%
What is the common term for group of stars that looks like a particular shape in the sky? Constellation
78%
What is the longest side of a right-angled triangle called? The hypotenuse
67%
What does a philatelist collect and/or study? Stamps
42%
Which studio is behind anime classics like My Neighbor Totoro, Spirited Away, and Howl's Moving Castle? Studio Ghibli
42%
What is the only venomous snake in Northen Europe? European viper
40%
Which tourist site in Greece started limiting daily visitors due to overtourism? Acropolis
35%
According to Peter Pan, who are too smart to fall off their prams? Girls
16%
The Belnord is a real building in New York but what is it called in the TV show Only Murders In the Building? The Arconia
8%
No matching quizzes found
Score Distribution
Percent of People with Each Score
Percentile by Number Answered
Your Score History
You have not taken this quiz